LEADER 01323nam a2200301 u 4500 001 000000014812 003 CaOOAMICUS 005 20070226105816.0 008 940517s1954 it u000 u ita u 035 $a10348044 040 $aPUL$bita 100 1 $aSturzo, Luigi,$csac.,$d1871-1959.$0(OLS)http://pul/name/5972 245 13$aLa comunità internazionale e il diritto di guerra /$cLuigi Sturzo. 250 $a1. ed. ital. riv. 260 $aBologna :$bZanichelli,$c1954. 300 $axlviii, 346 p. ;$c24 cm 490 1 $aOpera omnia di Luigi Sturzo.$aI serie, Opere ;$v2 504 $aBibliografia: p. 323-325. 650 4$aGuerra (diritto internazionale).$0(OLS)http://pul/subject/10336 830 0$aOpera omnia di Luigi Sturzo.$nI serie,$pOpere ;$v2.$0(OLS)http://pul/title/21258 850 $aPUL 852 $aPUL$W1$xDP1 Cons. Gen., Altre Classi 1$y22$m44 E 25$j20747$nBK-PRI$b $qStampati$B20747$CPULBib$Z2$F20747 $H $81 852 $aPUL$W1$xDP1 Fondo De Girolamo$y124$m1 C 31.1.2$j193331$b2. copia$qFondi$B198825$CPULBib$Z2$F198825 $81 941 1 $a1 941 1 $a8 961 $aINV: 39916 996 $6245$aLa comunità internazionale e il diritto di guerra$9(OLS)http://pul/title/21259 996 $6260$aBologna :$bZanichelli$9(OLS)http://pul/publisher/48255 LEADER 01466nam a2200325 u 4500 001 000000112071 003 CaOOAMICUS 005 20080624162449.0 008 080624s2008 it u000 u ita u 020 $z978-88-452-6123-7* 040 $aPUL$bita$dLDB 041 1 $aita$ager$hger 100 1 $aHusserl, Edmund,$d1859-1938.$0(OLS)http://pul/name/10441 240 10$aVorlesung Über Bedeutungslehre.$lItaliano.$0(OLS)http://pul/title/140888 245 13$aLa teoria del significato /$cEdmund Husserl ; prefazione di Fabio Minazzi ; introduzione, traduzione, note e apparati di Anselmo Caputo. 260 $aMilano :$bBompiani,$c2008. 300 $a604 p. ;$c22 cm. 490 1 $aBompiani Il pensiero occidentale 546 $aTesto a fronte in tedesco. 650 4$aSemantica (filosofia).$0(OLS)http://pul/subject/20224 700 1 $aMinazzi, Fabio,$d1955-$0(OLS)http://pul/name/38420 700 1 $aCaputo, Anselmo.$0(OLS)http://pul/name/41877 830 0$aBompiani Il pensiero occidentale.$0(OLS)http://pul/title/99836 850 $aPUL 852 $aPUL$W1$xSL Filosofia 3$y81$m190 COLL 2.83$j128322$qDDC 21$B127160$CPULBib$Z2$F127160 $H107730 $82 941 1 $a9 983 3$aIl pensiero occidentale (Bompiani) 996 $6020$z978-88-452-6123-7*$9(OLS)http://pul/number/138175 996 $6245$aLa teoria del significato$9(OLS)http://pul/title/140889 996 $6260$aMilano :$bBompiani$9(OLS)http://pul/publisher/48240